[Event "CRO U20 1 liga"]
[Site "Cakovec"]
[Date "2020.07.17"]
[Round "7.15"]
[White "Troselj, Ivan"]
[Black "Borzan, Andrej"]
[Result "0-1"]
[WhiteElo "1857"]
[BlackElo "1983"]
[PlyCount "118"]
[EventDate "2020.??.??"]
[WhiteClock "1:30:00"]
[BlackClock "1:30:00"]

{[%evp 0,118,29,11,41,72,69,73,108,104,94,88,91,73,43,43,26,35,35,35,103,65,
100,53,41,24,88,71,109,17,9,6,-24,-24,-44,-44,-24,-17,-20,-11,68,-6,-9,-50,-18,
-18,-37,-82,-47,-47,-47,-47,-79,-79,-79,-83,-42,-27,-43,-43,-46,-92,-57,-80,
-93,-93,-77,-95,-99,-128,-128,-127,-123,-126,-137,-152,-146,-142,-152,-164,
-128,-126,-125,-132,-109,-171,-216,-217,-217,-217,-103,-115,-111,-137,-144,
-144,-59,-119,-101,-134,-151,-189,-175,-126,-105,-126,-81,-81,-81,-231,-386,
-905,-318,-1013,-1012,-1441,-1011,-1011,-1011,-1011,-1022]} 1. e4 d6 2. d4 Nf6
3. Nc3 g6 4. Nf3 Bg7 5. Bc4 O-O 6. O-O Nxe4 7. Nxe4 d5 8. Bd3 dxe4 9. Bxe4 c6
10. c3 Qc7 11. Be3 Nd7 12. Qd2 e5 13. Bh6 f5 14. Bxg7 Kxg7 15. Bc2 e4 16. Ng5
Nf6 17. f3 h6 18. Nh3 exf3 19. Rxf3 Re8 20. Re1 Bd7 21. Bb3 Rxe1+ 22. Qxe1 Re8
23. Re3 Rxe3 24. Qxe3 Qxh2+ 25. Kxh2 Ng4+ 26. Kg3 Nxe3 27. Kf3 Ng4 28. Nf4 Kf6
29. Nd3 b6 30. Nb4 a5 31. Nd3 g5 32. c4 Be6 33. c5 b5 34. Nc1 a4 35. Bxe6 Kxe6
36. Ne2 Nf6 37. Nc3 Nd5 38. Ne2 Nb4 39. Nc3 Nd3 40. b3 axb3 41. axb3 Nc1 42. b4
Nd3 43. d5+ cxd5 44. Nxb5 Nxb4 45. Nd4+ Ke5 46. c6 Na6 47. Nb5 g4+ 48. Kg3 h5
49. c7 Nxc7 50. Nxc7 f4+ 51. Kf2 h4 52. Na6 h3 53. gxh3 gxh3 54. Nb4 Ke4 55.
Nc2 d4 56. Ne1 h2 57. Kg2 d3 58. Nxd3 Kxd3 59. Kf2 f3 0-1

[Event "CRO U20 1 liga"]
[Site "Cakovec"]
[Date "2020.07.17"]
[Round "7.16"]
[White "Colev, Ivor"]
[Black "Zekic, Patrik"]
[Result "1/2-1/2"]
[WhiteElo "1901"]
[BlackElo "1699"]
[PlyCount "83"]
[EventDate "2020.??.??"]
[WhiteClock "1:30:00"]
[BlackClock "1:30:00"]

{[%evp 0,83,29,11,31,25,53,18,73,1,56,34,59,18,8,-17,35,16,55,0,25,3,17,-19,-8,
-8,-6,-9,11,-29,-14,-67,-47,-47,-42,-42,-30,-30,-42,-71,-56,-80,-68,-88,-69,
-91,-70,-70,-35,-35,1,-31,-23,-42,-42,-38,-33,-41,-23,-23,-6,-26,-4,-29,-6,-57,
-50,-41,-42,-26,-26,-84,-71,-66,-59,-116,-103,-109,-90,-70,-59,-73,-68,-73,-56,
-67]} 1. e4 e6 2. d4 d5 3. Nd2 Be7 4. Bd3 c5 5. dxc5 Nf6 6. exd5 Qxd5 7. Ngf3
Bxc5 8. O-O O-O 9. Qe2 Nc6 10. Bc4 Qh5 11. b3 b6 12. Bb2 Bb7 13. a3 Nd5 14.
Bxd5 Qxd5 15. b4 Nd4 16. Qe5 Nxf3+ 17. Nxf3 Qxe5 18. Nxe5 Be7 19. c4 Rfd8 20.
Rfd1 f6 21. Nd3 Rac8 22. c5 Be4 23. Nf4 Rxd1+ 24. Rxd1 e5 25. Rd7 Bxc5 26. bxc5
exf4 27. Rd4 Bg6 28. cxb6 axb6 29. Rxf4 b5 30. Rb4 Be8 31. h3 Rc2 32. Kf1 Bc6
33. Kg1 Kf7 34. f3 Ke6 35. Kf1 Bd5 36. Kg1 Bc4 37. Bd4 Ra2 38. Bb2 g6 39. Kf2
Kf5 40. g3 h5 41. Ke3 g5 42. Kf2 1/2-1/2

[Event "CRO U20 1 liga"]
[Site "Cakovec"]
[Date "2020.07.17"]
[Round "7.18"]
[White "Sundac, Ivano"]
[Black "Stampar, Jakov"]
[Result "1-0"]
[WhiteElo "1408"]
[BlackElo "1465"]
[PlyCount "83"]
[EventDate "2020.??.??"]
[WhiteClock "1:30:00"]
[BlackClock "1:30:00"]

{[%evp 0,83,29,29,29,27,27,17,30,59,49,44,54,46,35,14,21,31,54,31,32,39,83,34,
56,-11,-5,-35,-12,-52,-29,-90,-53,-46,-42,-34,-29,-3,-16,-28,94,-23,-26,3,90,
104,118,2,25,-38,-14,161,177,122,149,146,152,148,171,145,138,129,160,147,150,
153,187,148,148,120,143,117,156,117,122,156,117,229,268,298,241,241,355,241,
1183,1174]} 1. d4 Nf6 2. Nf3 e6 3. Bf4 b6 4. e3 Bb7 5. Bd3 Be7 6. c3 d5 7. Qc2
Nbd7 8. Nbd2 Rc8 9. Ne5 Nxe5 10. Bxe5 a6 11. h4 c5 12. Qd1 c4 13. Bb1 b5 14. a3
Bd6 15. f4 a5 16. g4 Bxe5 17. fxe5 Nd7 18. g5 g6 19. Qg4 b4 20. h5 bxc3 21.
bxc3 Nf8 22. hxg6 fxg6 23. Nf3 Qb6 24. Bc2 Qb2 25. Kd2 Qb5 26. Nh4 Rg8 27. Ng2
Qd7 28. Rab1 Bc6 29. Nf4 Rg7 30. Rb2 Rc7 31. Rb8+ Rc8 32. Rhb1 Ke7 33. Rxc8
Qxc8 34. Qf3 Nd7 35. Qh3 Qg8 36. Rf1 Nb6 37. Rb1 Nd7 38. Bd1 Nf8 39. Bg4 Kd7
40. Rb8 Re7 41. Qh6 Kc7 42. Rxf8 1-0

[Event "CRO U20 1 liga"]
[Site "Cakovec"]
[Date "2020.07.17"]
[Round "8.1"]
[White "Sos, Fran"]
[Black "Karlovcec, David"]
[Result "1-0"]
[WhiteElo "2024"]
[BlackElo "1655"]
[PlyCount "115"]
[EventDate "2020.??.??"]
[WhiteClock "1:30:00"]
[BlackClock "1:30:00"]

{[%evp 0,115,29,27,29,-16,1,-16,2,-42,-17,-44,0,-1,41,20,8,-11,148,122,149,143,
159,149,149,74,139,14,132,132,156,139,155,175,207,189,209,203,203,189,150,167,
126,79,72,72,97,97,64,71,125,151,180,146,146,141,141,74,11,-15,-26,149,152,152,
152,163,172,162,182,185,204,204,209,198,219,223,235,229,229,226,230,226,226,
239,249,261,261,262,304,312,305,299,305,304,305,304,305,384,391,372,372,408,
396,744,952,702,1008,1002,1014,1024,1130,1130,1374,1893,28387,1934,29989,29990]
} 1. d4 d5 2. c4 e6 3. Nc3 Nf6 4. cxd5 exd5 5. Bg5 Be7 6. e3 Bf5 7. Qb3 Nbd7 8.
Qxb7 Nb6 9. Bb5+ Kf8 10. Bf4 Bd6 11. Bxd6+ Qxd6 12. Qc6 Ke7 13. Rc1 Bd7 14.
Qxd6+ Kxd6 15. Nf3 c6 16. Bd3 Be6 17. Ne2 a5 18. Nf4 Nbd7 19. Ng5 Rhb8 20. Rc2
h6 21. Nfxe6 fxe6 22. Nf3 c5 23. dxc5+ Nxc5 24. Be2 Rb4 25. O-O Rab8 26. b3 a4
27. Nd4 axb3 28. axb3 R8b6 29. Rb1 Nxb3 30. Nb5+ R6xb5 31. Bxb5 Rxb5 32. Rcb2
Ke5 33. Rxb3 Rxb3 34. Rxb3 Kf5 35. f3 h5 36. h4 g5 37. hxg5 Kxg5 38. Kf2 e5 39.
Rb5 Kf5 40. Kg3 Kg5 41. f4+ exf4+ 42. exf4+ Kf5 43. Kf3 Ke6 44. Rb6+ Kf5 45.
Rd6 Kg6 46. g3 Kf5 47. Ke3 Kg6 48. Kd3 Kf5 49. Kd4 Nh7 50. Kxd5 Nf6+ 51. Rxf6+
Kxf6 52. Ke4 Ke6 53. f5+ Kf7 54. Ke5 Ke7 55. f6+ Kf7 56. Kf5 Kf8 57. Ke6 Ke8
58. f7+ 1-0

[Event "CRO U20 1 liga"]
[Site "Cakovec"]
[Date "2020.07.17"]
[Round "8.2"]
[White "Stampar, Jakov"]
[Black "Kanizaj, Benjamin"]
[Result "1/2-1/2"]
[WhiteElo "1465"]
[BlackElo "1983"]
[PlyCount "100"]
[EventDate "2020.??.??"]
[WhiteClock "1:30:00"]
[BlackClock "1:30:00"]

{[%evp 0,100,27,27,29,5,88,65,78,66,75,20,-5,60,86,86,119,107,105,100,100,100,
100,82,98,81,122,96,93,89,112,103,118,132,132,88,121,69,77,43,59,14,7,18,18,18,
35,35,35,35,44,49,53,34,29,30,46,46,57,55,45,34,62,63,62,62,63,60,61,60,51,49,
51,13,16,26,106,26,61,26,107,20,95,-4,63,20,35,20,20,20,20,20,38,20,20,23,31,
23,23,23,23,23,23]} 1. d4 d5 2. Bf4 c5 3. Nc3 Nf6 4. e3 Nc6 5. Nb5 e5 6. dxe5
a6 7. Nc3 Ne4 8. Qxd5 Nxc3 9. Qxd8+ Kxd8 10. bxc3 Be6 11. Nf3 h6 12. Bd3 g5 13.
Bg3 Bg7 14. Rd1 Ke7 15. a3 Bd5 16. Bf5 Rad8 17. e4 Bc4 18. Nd2 Be6 19. Bxe6
Kxe6 20. Nc4 Nxe5 21. Bxe5 Bxe5 22. Nxe5 Rxd1+ 23. Kxd1 Kxe5 24. f3 Rd8+ 25.
Ke2 b5 26. Rd1 Rxd1 27. Kxd1 a5 28. Kd2 g4 29. Ke3 gxf3 30. gxf3 a4 31. f4+ Kf6
32. Kd3 Kg6 33. h3 Kf6 34. h4 h5 35. Kd2 Ke6 36. Kd3 Kd6 37. Kd2 Kc6 38. Kd3
Kd6 39. Kd2 Kc6 40. Kd3 Kb6 41. Kd2 Kc7 42. Kd3 Kd7 43. Kd2 Ke7 44. Kd3 Kd6 45.
Kd2 Kc6 46. Kd3 Kd6 47. Kd2 Kc6 48. Kd3 Kd6 49. Kd2 Kc6 50. Kd3 Kd6 1/2-1/2

[Event "CRO U20 1 liga"]
[Site "Cakovec"]
[Date "2020.07.17"]
[Round "8.3"]
[White "Borzan, Andrej"]
[Black "Vuk, Sebastijan"]
[Result "1-0"]
[WhiteElo "1983"]
[BlackElo "1367"]
[PlyCount "71"]
[EventDate "2020.??.??"]
[WhiteClock "1:22:00"]
[BlackClock "1:30:00"]

{[%evp 0,71,28,20,20,20,52,41,53,57,57,55,47,31,44,24,24,37,37,38,55,-28,65,68,
87,60,108,126,183,223,223,212,328,296,296,232,354,354,378,367,371,378,400,400,
392,359,359,299,356,338,366,294,286,241,322,296,304,316,379,374,374,366,396,
402,400,395,434,439,524,393,456,467,659,474]} 1. d4 Nf6 2. Nf3 g6 3. c4 d6 4.
Nc3 Bg7 5. e4 O-O 6. Be3 Bg4 7. Be2 Nc6 8. h3 Bxf3 9. Bxf3 Nd7 10. h4 f5 11.
exf5 Rxf5 12. Be4 Rf8 13. h5 g5 14. h6 Bf6 15. Qd3 Nb4 16. Bxh7+ Kh8 17. Qg6
Rg8 18. Bxg8 Qxg8 19. Qxg8+ Rxg8 20. O-O-O a6 21. a3 Nc6 22. Nd5 Na5 23. Nxf6
Nxf6 24. c5 Nd5 25. Rh3 Nc4 26. Rf3 Nf6 27. Bd2 Nxd2 28. Rxd2 Re8 29. Re2 Nd5
30. Rf7 Rg8 31. Re6 g4 32. Kd2 b6 33. cxb6 cxb6 34. Kd3 b5 35. Rf5 g3 36. f3
1-0

[Event "CRO U20 1 liga"]
[Site "Cakovec"]
[Date "2020.07.17"]
[Round "8.5"]
[White "Alfirevic, Duje"]
[Black "Tomulic, Teo"]
[Result "1/2-1/2"]
[WhiteElo "1994"]
[BlackElo "2359"]
[PlyCount "69"]
[EventDate "2020.??.??"]
[WhiteClock "1:30:00"]
[BlackClock "1:30:00"]

{[%evp 0,69,20,11,18,11,43,-19,26,63,51,67,70,65,55,59,72,61,59,32,48,39,56,30,
62,43,63,33,41,27,16,23,33,38,54,22,29,20,20,37,61,39,52,51,52,-59,99,99,99,66,
63,36,13,14,42,17,38,13,78,56,56,56,56,56,48,38,38,41,36,38,46,42]} 1. e4 d5 2.
exd5 Nf6 3. d4 Nxd5 4. c4 Nf6 5. Nf3 Bg4 6. Be2 Nbd7 7. O-O e6 8. Nc3 Be7 9.
Be3 O-O 10. a3 a5 11. Qd2 Qc8 12. Rfd1 Rd8 13. Qe1 h6 14. Rac1 Bf5 15. h3 Ne4
16. Bd3 Nxc3 17. Rxc3 Bxd3 18. Rcxd3 a4 19. Bf4 Bf6 20. Ne5 Nb6 21. Ng4 Bh4 22.
Nxh6+ Kf8 23. Ng4 Nxc4 24. Ne5 Nxe5 25. Bxe5 f6 26. Qe4 Bg5 27. Qg6 Rd7 28. f4
Qe8 29. Qxe8+ Kxe8 30. fxg5 fxe5 31. dxe5 Rxd3 32. Rxd3 Ra5 33. Re3 Rb5 34. Re2
Kf7 35. h4 1/2-1/2

[Event "CRO U20 1 liga"]
[Site "Cakovec"]
[Date "2020.07.17"]
[Round "8.7"]
[White "Sagovac, Kristijan"]
[Black "Troselj, Ivan"]
[Result "0-1"]
[WhiteElo "1835"]
[BlackElo "1857"]
[PlyCount "42"]
[EventDate "2020.??.??"]
[WhiteClock "1:30:00"]
[BlackClock "1:30:00"]

{[%evp 0,42,20,11,20,9,42,15,15,-52,8,19,-5,-5,-5,-5,-10,-79,-6,-67,-137,-87,
-47,-71,-49,-69,-266,-65,-52,-58,-64,-64,-19,-19,-62,-62,-48,-389,-2309,-2309,
-2309,-29995,-29996,-29997,-29998]} 1. e4 e5 2. Nf3 Nc6 3. Bc4 Nf6 4. Ng5 d5 5.
exd5 Na5 6. Bb5+ c6 7. dxc6 bxc6 8. Be2 h6 9. Nf3 e4 10. Ne5 Bc5 11. O-O Qd6
12. Ng4 Bxg4 13. Bxg4 h5 14. Be2 Ng4 15. g3 Nxh2 16. Kxh2 h4 17. Kg2 Bxf2 18.
Rh1 Qxg3+ 19. Kf1 h3 20. Bg4 Qg2+ 21. Ke2 Bd4+ 0-1

[Event "CRO U20 1 liga"]
[Site "Cakovec"]
[Date "2020.07.17"]
[Round "8.10"]
[White "Ljubicic, Mario"]
[Black "Cvitan, Ena"]
[Result "1/2-1/2"]
[WhiteElo "1966"]
[BlackElo "2258"]
[PlyCount "62"]
[EventDate "2020.??.??"]
[WhiteClock "1:27:00"]
[BlackClock "1:30:00"]

{[%evp 0,62,25,11,75,67,67,48,51,51,57,45,55,66,77,48,63,59,48,51,56,44,50,-4,
-18,2,2,-23,-21,-34,-16,-16,-12,13,22,1,8,-25,-23,-28,-25,-21,-16,-8,-16,-34,
-27,-28,-18,-21,-14,-11,-3,-6,-8,0,-3,-21,-15,-19,-24,-48,-43,-39,5]} 1. e4 c6
2. Nf3 d5 3. Nc3 dxe4 4. Nxe4 Nf6 5. Qe2 Nxe4 6. Qxe4 Be6 7. b3 Nd7 8. Bb2 Nf6
9. Qf4 g6 10. Bc4 Nh5 11. Qd4 Bg7 12. Qxd8+ Rxd8 13. Bxg7 Nxg7 14. Bxe6 Nxe6
15. O-O-O Nd4 16. Nxd4 Rxd4 17. Rde1 e6 18. Re5 Ke7 19. Rhe1 Rhd8 20. d3 b6 21.
g3 h5 22. R1e4 c5 23. a4 Kd6 24. Kd2 Rxe4 25. Rxe4 e5 26. f4 exf4 27. Rxf4 Rd7
28. c3 Ke5 29. Ke3 f5 30. d4+ cxd4+ 31. Rxd4 Rc7 1/2-1/2

[Event "CRO U20 1 liga"]
[Site "Cakovec"]
[Date "2020.07.17"]
[Round "8.11"]
[White "Ghersinich, Enrico"]
[Black "Mijic, Karlo"]
[Result "1-0"]
[WhiteElo "2299"]
[BlackElo "1729"]
[PlyCount "81"]
[EventDate "2020.??.??"]
[WhiteClock "1:29:00"]
[BlackClock "1:30:00"]

{[%evp 0,81,25,25,29,-20,1,-46,-52,-86,3,-19,-33,-33,17,37,35,-54,21,41,44,37,
42,37,34,27,79,57,59,48,62,21,24,10,30,26,29,21,181,194,164,164,198,198,173,
173,198,152,244,216,227,209,232,227,249,259,260,276,276,255,276,270,294,291,
296,296,319,319,335,335,335,333,654,952,952,963,963,963,963,1017,1018,939,939,
964]} 1. Nf3 d5 2. c4 e6 3. g3 Nf6 4. Bg2 c5 5. cxd5 exd5 6. d4 c4 7. O-O Nc6
8. b3 cxb3 9. Qxb3 Be7 10. Nc3 O-O 11. Bg5 Na5 12. Qb1 b6 13. Ne5 Bb7 14. Qb5
a6 15. Qb2 h6 16. Bf4 Nc6 17. Rfd1 Rc8 18. a4 Bb4 19. Nxc6 Bxc3 20. Nxd8 Bxb2
21. Nxb7 Bxa1 22. Rxa1 Rc4 23. e3 Ne4 24. Bxe4 dxe4 25. Nd6 Rc6 26. Nxe4 Re8
27. d5 Rc2 28. Nd6 Rd8 29. g4 g5 30. Bg3 Rd2 31. Nf5 Kh7 32. d6 Kg6 33. Rb1 Ra2
34. Rxb6 Rxa4 35. h3 f6 36. Rb7 Rg8 37. Ne7+ Kf7 38. Nxg8+ Kxg8 39. d7 Ra1+ 40.
Kh2 Rd1 41. Rb8+ 1-0

[Event "CRO U20 1 liga"]
[Site "Cakovec"]
[Date "2020.07.17"]
[Round "8.12"]
[White "Bedic, Noemi"]
[Black "Purini, Bruno"]
[Result "0-1"]
[WhiteElo "2017"]
[BlackElo "1712"]
[PlyCount "60"]
[EventDate "2020.??.??"]
[WhiteClock "1:30:00"]
[BlackClock "1:30:00"]

{[%evp 0,60,25,11,42,15,42,19,8,-25,-2,-62,-15,-17,39,40,26,21,80,51,112,11,
100,-31,-17,-51,-86,-85,-99,-124,-107,-87,-87,-87,-96,-96,-103,-82,-72,-76,
-149,-181,-201,-185,-171,-225,-237,-255,-225,-225,-211,-220,-219,-226,-225,
-225,-234,-234,-238,-243,-247,-244,-195]} 1. e4 e5 2. Nf3 Nc6 3. Bb5 a6 4. Ba4
Bc5 5. c3 b5 6. Bb3 d6 7. d4 exd4 8. cxd4 Bb6 9. O-O Bg4 10. Bd5 Qd7 11. e5
dxe5 12. dxe5 O-O-O 13. Bb3 Qxd1 14. Rxd1 Rxd1+ 15. Bxd1 Bxf3 16. Bxf3 Nxe5 17.
Be2 Nf6 18. Bf4 Ng6 19. Bg3 h5 20. h3 Ne4 21. Kf1 h4 22. Bg4+ Kb8 23. Bf3 Nxg3+
24. fxg3 hxg3 25. Nc3 Ne5 26. Be2 f5 27. a4 c6 28. axb5 axb5 29. Re1 Bf2 30.
Rd1 g5 0-1

[Event "CRO U20 1 liga"]
[Site "Cakovec"]
[Date "2020.07.17"]
[Round "8.13"]
[White "Damjanovic, Stjepan"]
[Black "Jambresic, Filip"]
[Result "1-0"]
[WhiteElo "1867"]
[BlackElo "2082"]
[PlyCount "97"]
[EventDate "2020.??.??"]
[WhiteClock "1:30:00"]
[BlackClock "1:30:00"]

{[%evp 0,97,25,18,97,59,58,-2,40,57,57,57,41,54,48,-2,9,33,69,85,88,49,49,49,
49,51,26,-17,-25,-22,-22,49,76,38,38,37,48,31,87,93,63,76,86,76,76,107,107,57,
151,129,178,181,260,311,311,305,305,305,305,305,299,220,316,234,230,244,285,
198,210,195,262,192,204,189,213,218,263,303,292,250,265,253,266,265,289,295,
307,309,316,309,331,361,408,445,430,448,1155,1115,1115,1192]} 1. e4 c5 2. d4
cxd4 3. c3 dxc3 4. Nxc3 Nc6 5. Nf3 d6 6. Bc4 Nf6 7. e5 dxe5 8. Qxd8+ Kxd8 9.
Ng5 Na5 10. Nxf7+ Ke8 11. Nxh8 Nxc4 12. O-O Bd7 13. f4 e6 14. b3 Bc5+ 15. Kh1
Ne3 16. Bxe3 Bxe3 17. fxe5 Ng4 18. Ne4 Nxe5 19. Rae1 Bb6 20. Nd6+ Ke7 21. Rxe5
Kxd6 22. Nf7+ Ke7 23. Ng5 h6 24. Nxe6 Kd6 25. Re2 Re8 26. Rd1+ Kc6 27. Rc2+ Kb5
28. Rxd7 Rxe6 29. g3 g5 30. Kg2 g4 31. h3 gxh3+ 32. Kxh3 Ka6 33. Rd5 Ba5 34.
Rc4 b5 35. Rcd4 Bc7 36. Rd7 Kb6 37. Rh7 Rg6 38. Rg4 Rc6 39. a4 bxa4 40. bxa4 a5
41. Rh4 Kc5 42. R7xh6 Rxh6 43. Rxh6 Kb4 44. Rh4+ Kb3 45. Re4 Bd6 46. g4 Bb4 47.
g5 Kxa4 48. g6 Kb3 49. g7 1-0

[Event "CRO U20 1 liga"]
[Site "Cakovec"]
[Date "2020.07.17"]
[Round "8.14"]
[White "Cigrovski, Jakov"]
[Black "Juric, Ester"]
[Result "1-0"]
[WhiteElo "2010"]
[BlackElo "1663"]
[PlyCount "109"]
[EventDate "2020.??.??"]
[WhiteClock "1:30:00"]
[BlackClock "1:30:00"]

{[%evp 0,109,25,18,79,49,52,-51,-21,-39,-15,1,41,37,45,34,28,17,30,-3,69,13,77,
53,84,25,25,-18,0,3,64,-84,59,-80,28,-34,12,-27,-48,-68,19,21,107,120,106,106,
129,115,125,27,101,102,102,110,111,111,107,151,151,144,166,113,135,120,143,108,
131,115,242,242,242,291,275,273,286,296,342,343,365,354,354,351,351,347,382,
410,410,410,410,410,402,402,402,402,402,329,329,332,332,332,332,332,332,329,
332,335,339,376,386,673,710,739]} 1. e4 c5 2. Ne2 d6 3. g3 Nf6 4. Bg2 Nc6 5.
O-O e6 6. Nbc3 Be7 7. d3 O-O 8. f4 h6 9. h3 Nh7 10. g4 f5 11. Be3 Bd7 12. Ng3
Bh4 13. Nce2 Qe7 14. c3 Rac8 15. Bf2 b5 16. Kh1 Kh8 17. d4 cxd4 18. Nxd4 Nxd4
19. Qxd4 fxe4 20. Nxe4 d5 21. Bxh4 Qxh4 22. Qxa7 dxe4 23. Qxd7 Nf6 24. Qd1 Nd5
25. Qe1 Qxe1 26. Raxe1 Nxf4 27. Rxe4 Nd3 28. Rxf8+ Rxf8 29. Re2 Rc8 30. a3 Kg8
31. Rd2 Nc5 32. Bf1 Ne4 33. Rd4 Nxc3 34. bxc3 Rxc3 35. Rd3 Rc1 36. Rf3 Rb1 37.
Kg2 b4 38. Bc4 Rb2+ 39. Kg3 bxa3 40. Bxe6+ Kh7 41. Rxa3 g5 42. Bf5+ Kg7 43. Ra6
Rb3+ 44. Kg2 Rb2+ 45. Kf1 Rb3 46. Rg6+ Kf7 47. Be6+ Kxg6 48. Bxb3 Kf6 49. Kf2
Kg6 50. Ba4 Kf6 51. Be8 Ke5 52. Ke3 Kf6 53. Ke4 Ke6 54. Bh5 Kf6 55. Kd5 1-0

[Event "CRO U20 1 liga"]
[Site "Cakovec"]
[Date "2020.07.17"]
[Round "8.16"]
[White "Novosel, Lovro"]
[Black "Markovic, Marko"]
[Result "1-0"]
[WhiteElo "1699"]
[BlackElo "1643"]
[PlyCount "93"]
[EventDate "2020.??.??"]
[WhiteClock "1:30:00"]
[BlackClock "1:30:00"]

{[%evp 0,93,25,25,20,-15,24,14,9,8,22,22,24,-17,51,11,55,21,16,7,9,-20,9,-29,
-25,-41,12,-14,11,20,25,-33,-10,-4,28,28,26,15,28,-31,-31,-83,-2,31,49,36,52,
59,43,43,62,72,76,33,51,20,9,-8,72,73,105,58,40,17,32,10,1,3,29,40,40,9,14,-8,
-10,16,39,-35,-7,21,21,49,68,68,75,51,121,53,264,264,29989,29990,29991,29992,
29993,29994]} 1. Nf3 d5 2. g3 e6 3. Bg2 Nf6 4. O-O Be7 5. d4 O-O 6. c4 c6 7. b3
b6 8. Bb2 Bb7 9. Qc2 Nbd7 10. Rd1 Rc8 11. Ne5 c5 12. dxc5 Nxc5 13. e3 Qc7 14.
Na3 a6 15. Qe2 Rfd8 16. Rac1 Qb8 17. cxd5 exd5 18. Nf3 Nce4 19. Rxc8 Rxc8 20.
Nb1 Qc7 21. Nd4 Bc5 22. Bh3 Rd8 23. Rc1 Ng5 24. Bg2 Qd6 25. Nd2 Nfe4 26. Nxe4
dxe4 27. Qg4 f6 28. h4 Bc8 29. Qe2 Bxd4 30. Bxd4 Ne6 31. Bc3 Bb7 32. Qg4 Nc5
33. Bb4 Qe7 34. Bxc5 bxc5 35. Qf5 Rd5 36. Qf4 Rd2 37. Bf1 Bd5 38. a4 Kf7 39.
Bxa6 Bxb3 40. Bc4+ Bxc4 41. Rxc4 Ra2 42. Rxe4 Qb7 43. Qg4 Qb1+ 44. Kg2 Ra1 45.
Qh5+ g6 46. Qxh7+ Kf8 47. Qe7+ 1-0

[Event "CRO U20 1 liga"]
[Site "Cakovec"]
[Date "2020.07.17"]
[Round "8.19"]
[White "Borzan, Matej"]
[Black "Baric, Marko"]
[Result "0-1"]
[WhiteElo "1746"]
[BlackElo "1831"]
[PlyCount "118"]
[EventDate "2020.??.??"]
[WhiteClock "1:30:00"]
[BlackClock "1:30:00"]

{[%evp 0,118,25,20,30,-36,-16,-16,-16,-77,-35,-83,-27,-11,-4,13,64,64,66,54,74,
-4,72,31,74,102,107,91,91,94,94,73,94,92,121,121,145,50,135,139,169,156,157,
160,174,145,157,183,150,145,140,6,29,-19,0,0,24,-21,17,-25,-6,-42,-5,-42,-77,
-128,-81,-102,-102,-101,-46,-75,-79,-29,-10,-141,-188,-325,-313,-413,-384,-394,
-433,-433,-316,-332,-288,-332,-239,-288,-170,-158,-72,-136,-126,-137,-99,-137,
-137,-178,-178,-188,-188,-181,-179,-173,-188,-231,-210,-255,-274,-333,-300,
-401,-291,-814,-814,-1239,-1608,-29995,-789]} 1. d4 Nf6 2. c4 e6 3. Nc3 Bb4 4.
Qc2 d5 5. e3 c5 6. a3 Bxc3+ 7. bxc3 dxc4 8. Bxc4 Nbd7 9. Nf3 Qa5 10. Bd2 O-O
11. O-O Nb6 12. Be2 c4 13. Ne5 Bd7 14. Nxc4 Nxc4 15. Bxc4 Rac8 16. Bd3 Ba4 17.
Qb2 Bc6 18. Rfc1 Rfd8 19. f3 Qh5 20. e4 Nd7 21. c4 Nc5 22. Bc2 e5 23. d5 Bd7
24. Be3 b6 25. Bd1 Nd3 26. Qc3 Nxc1 27. Rxc1 Re8 28. a4 Qg6 29. Qb4 f5 30. Bc2
fxe4 31. fxe4 Bh3 32. g3 Qg4 33. Bd3 Rf8 34. Qd2 Rf7 35. c5 bxc5 36. d6 Kh8 37.
Bb5 Qxe4 38. d7 Bxd7 39. Bxd7 Rxd7 40. Qxd7 Qxe3+ 41. Kg2 Rf8 42. Qe7 Qf3+ 43.
Kh3 Qf5+ 44. Kg2 h6 45. Qxc5 Rd8 46. Rf1 Qe4+ 47. Kh3 a6 48. Qf2 Qxa4 49. Qe2
Qd7+ 50. Kg2 Qd5+ 51. Kh3 a5 52. Rf5 Re8 53. Qh5 Qe6 54. g4 Kh7 55. Rf7 e4 56.
Ra7 e3 57. Qxa5 e2 58. Qc7 Qe3+ 59. Kg2 Qxa7 0-1

[Event "CRO U20 1 liga"]
[Site "Cakovec"]
[Date "2020.07.18"]
[Round "9.1"]
[White "Karlusic, Luka"]
[Black "Topalic, Fran"]
[Result "1-0"]
[WhiteElo "2159"]
[BlackElo "1741"]
[PlyCount "119"]
[EventDate "2020.??.??"]
[WhiteClock "1:30:00"]
[BlackClock "1:30:00"]

{[%evp 0,119,58,5,19,-17,14,46,22,44,46,16,27,15,21,13,38,2,39,44,47,32,28,23,
30,23,38,-18,-19,-60,24,32,80,90,96,85,91,82,76,76,98,66,85,97,102,91,112,97,
129,130,139,141,141,131,126,123,123,119,117,138,138,146,133,121,114,114,114,
114,102,144,212,202,202,196,206,200,204,163,163,158,218,182,160,142,132,128,
132,128,142,161,194,203,221,197,203,207,212,212,199,215,208,169,202,206,206,
168,204,188,304,303,325,325,325,325,353,324,331,331,340,339,345,339]} 1. d4 d5
2. c4 c6 3. Nf3 Nf6 4. Nc3 e6 5. e3 Be7 6. Qc2 O-O 7. Bd3 Nbd7 8. O-O dxc4 9.
Bxc4 b5 10. Be2 Bb7 11. Rd1 Rc8 12. a3 a5 13. Rb1 b4 14. Na4 Nb6 15. Nc5 Qc7
16. axb4 axb4 17. Bd2 Bxc5 18. Qxc5 Ne4 19. Qxb4 Nd5 20. Qa4 Ra8 21. Qc2 Nxd2
22. Qxd2 Ba6 23. Rdc1 Rfc8 24. Ne5 Qd6 25. Bxa6 Rxa6 26. Rc5 f6 27. Nd3 Rca8
28. Rbc1 Ra1 29. Qd1 Rxc1 30. Qxc1 Ra6 31. g3 h6 32. Qc4 Ra1+ 33. Kg2 Nb6 34.
Qc2 Nd7 35. Rxc6 Qd5+ 36. f3 e5 37. Qc4 Qxc4 38. Rxc4 Rd1 39. Nf2 Re1 40. dxe5
Nxe5 41. Rc3 Re2 42. b3 Rb2 43. h3 Nd7 44. f4 f5 45. Kf3 Nb6 46. Rd3 Kf7 47. e4
fxe4+ 48. Nxe4 Ke7 49. Nc5 Rc2 50. Na4 Nd7 51. b4 g5 52. Rb3 Nf6 53. b5 Rh2 54.
fxg5 hxg5 55. b6 Rxh3 56. b7 Nd7 57. b8=Q Nxb8 58. Rxb8 Rh1 59. Nc3 Ra1 60. Ne4
1-0

[Event "CRO U20 1 liga"]
[Site "Cakovec"]
[Date "2020.07.18"]
[Round "9.2"]
[White "Matota, Dominik"]
[Black "Cigrovski, Jakov"]
[Result "0-1"]
[WhiteElo "1807"]
[BlackElo "2010"]
[PlyCount "77"]
[EventDate "2020.??.??"]
[WhiteClock "1:30:00"]
[BlackClock "1:30:00"]

{[%evp 0,77,31,32,77,100,102,111,93,91,65,91,94,63,110,90,104,63,78,58,69,59,
61,10,25,8,24,-31,-46,-36,-24,-78,-68,-35,-35,-48,-48,-35,-33,-32,-23,-65,-60,
-80,-79,-79,-76,-111,-84,-72,-11,-25,65,95,115,-25,85,106,106,82,40,-43,-43,
-56,27,34,3,-33,-29,-82,-84,-142,-92,-103,-112,-115,-100,-356,-388,-392]} 1. e4
c5 2. Nf3 d6 3. d4 cxd4 4. Nxd4 Nf6 5. Nc3 a6 6. Be2 e6 7. Bg5 Nbd7 8. Qd2 Be7
9. f3 O-O 10. O-O-O Qc7 11. Nb3 b5 12. h4 b4 13. Nb1 a5 14. Nd4 Ba6 15. g4 Ne5
16. Bxf6 Bxf6 17. g5 Be7 18. Bxa6 Rxa6 19. Qe2 Rb6 20. f4 Nc6 21. f5 Nxd4 22.
Rxd4 Rc6 23. Rg1 Rc8 24. Rd2 a4 25. f6 b3 26. axb3 Bf8 27. bxa4 Qa7 28. Rg3
Qxa4 29. h5 gxf6 30. gxf6+ Kh8 31. Ra3 Qb4 32. Qe3 Qb5 33. Nc3 Qxh5 34. Qe2 Qg6
35. Rd3 Qxf6 36. Rh3 Bg7 37. Kb1 Rb8 38. Nd1 Rxb2+ 39. Kc1 0-1